000 00557nam a2200181Ia 4500
005 20250326123650.0
008 250326s9999 xx 000 0 und d
037 _aTextbook
040 _aFMSL
_beng
_cFMSL
041 _aeng
_2eng
084 _aX9B8(A):8 M2
_qFMSL
100 _aSexton D L
_9735755
245 0 _aExperiences in entrepreneurship and small business management
_cSexton D L; Auken P M V
260 _aNew Jersey
_bNew Jersey, Prentice-Hall
_c1982
300 _a248p
942 _cTB
_hX9B8(A):8 M2
999 _c1270402
_d1270402